000 00553nam a22001817a 4500
005 20251108164051.0
008 250721s1972 xx 000 0 ara d
082 1 4 _a323.409562/عبد
100 1 _aلحود، عبد الله
245 1 0 _aحقوق الإنسان الشخصية و السياسية /
264 1 _aبيروت :
_bمنشورات عويدات،
_c1972.
300 _a204ص
650 1 7 _aالحقوق المدنية و السياسية
650 1 7 _aلبنان
700 1 _aمغيزل، جوزف
942 _2ddc
_cBK
999 _c2775
_d2775